| 000 | 00587nam a22002417a 4500 | ||
|---|---|---|---|
| 999 |
_c5637 _d5637 |
||
| 001 | 5637 | ||
| 003 | BD-JhCC | ||
| 005 | 20180303125858.0 | ||
| 008 | 171219s1947 as a|||| |||| 00| 0 eng d | ||
| 035 | _a(BD-JhCC)5637 | ||
| 040 |
_aBD-JhCC _dBD-JhCC |
||
| 041 | _aeng | ||
| 082 |
_a581 _bGAR 1947 |
||
| 100 | _aGardener R. | ||
| 245 |
_aBasic Horticulture / _cR. Gardener |
||
| 260 |
_aNew York : _bThe Macmillan Company, _c1947. |
||
| 300 |
_a441 p. : _bills; _c24 cm. |
||
| 650 | _aGardening | ||
| 650 | _aBotany | ||
| 650 | _aHorticulture | ||
| 942 |
_2ddc _cBK |
||